| 000 | 00898nam a22002531u 4500 | ||
|---|---|---|---|
| 001 | 05672 | ||
| 003 | HDC | ||
| 007 | cr bn ---aaaaa | ||
| 008 | 210120p2013 | d 00 engg | ||
| 040 | _aHDC | ||
| 100 |
_aShahryar Sorooshian _eauthor _95960 |
||
| 245 | 0 |
_aAnalysis on Factors of Non-Compliance of Halal Standard / by _cShahryar Sorooshian and Suziyana Mat Dahan |
|
| 260 |
_a[no place] : _bMedwell Journals, _c2013 |
||
| 300 | _a 1 online resource (2 pages) | ||
| 336 |
_atext _2rdacontent |
||
| 337 |
_acomputer _2rdamedia |
||
| 338 |
_aonline resource _2rdacarrier |
||
| 650 |
_acause and effect group _95961 |
||
| 650 |
_aHalal standard _91151 |
||
| 856 | _zRequest full-text at [email protected] | ||
| 942 | _2lcc | ||
| 942 | _cAR | ||
| 942 | _kJART 001460 | ||
| 999 |
_c2996 _d2996 |
||